000 00639nam a22001817a 4500
999 _c19496
_d19496
003 AR-CdUCM
008 190517b ||||| |||| 00| 0 sp d
040 _aMUNICIPALIDAD PROVINCIAL DEL CUSCO
_cBIBLIOTECA MUNICIPAL DEL CUSCO
082 _a110 /
_bS31
100 _aSchulz, Walter
_940860
245 _aEl dios de la metafísica moderna /
260 _aMexico :
_bFCE,
_c1961.
300 _a112 páginas ;
_c22 cm.
505 _aNicolas de Cusa y la historia de la metafísica moderna -- El dios de los filósofos -- El sistema del espíritu absoluto...
650 _aMetafísica moderna.
_940861
942 _2ddc
_cLIBROS
945 _awfj